000
00335nam a2200133Ia 4500
008
220204s9999 xx 000 0 und d
082
_a
632.9(035)
_b
FRY
245
0
_a
Weed control handbook. 2 V in 3 parts
260
_a
Oxford
_b
Blackwell
_c
1968
505
_a
V 2 ..Ed 5
700
_a
Evans, S A
700
_a
Fryer, J D
942
_c
BK
999
_c
37159
_d
37159